Diseño de un plan de Marketing para la Sorbeteria de Eskimo Canales

Presenta un plan de mercadotecnia donde se detalla el costo, el tiempo, los recursos y un análisis detallado de todos los pasos que han de darse para alcanzar los fines propuestos. Comprende la descripción del análisis del entorno externo e interno que permitirá identificar las fortalezas, oport...

Full description

Bibliographic Details
Main Authors: Bonilla Sobalvarro, Sócrates de Jesús, Campos Guevara, Marisela de la Concepción, Canales Pereira, Tania Lucia
Other Authors: Tutor: Zúñiga Morales, Gonzalo de Jesús
Format: Tesis Section = Libro
Language:Undetermined
Spanish
Published: Managua UNI 2007
Subjects:
LEADER 01789nam a2200277Ia 4500
008 240830s9999 xx 000 0 und d
040 |a BIBLIOTECA-RUPAP T.Mon 658.5 B715 
041 |a spa 
082 |a T.Mon 658.5 B715 
100 1 |a Bonilla Sobalvarro, Sócrates de Jesús 
100 1 |b Campos Guevara, Marisela de la Concepción 
100 1 |c Canales Pereira, Tania Lucia 
245 1 0 |a Diseño de un plan de Marketing para la Sorbeteria de Eskimo Canales 
260 |a Managua  |b UNI  |c 2007 
300 |a 61 p. :il. 
500 |a Contiene: anexos e Incluye: CD. 
502 |a Tesis (Ingeniero de Sistemas)- UNI, 2007. 
520 3 |a Presenta un plan de mercadotecnia donde se detalla el costo, el tiempo, los recursos y un análisis detallado de todos los pasos que han de darse para alcanzar los fines propuestos. Comprende la descripción del análisis del entorno externo e interno que permitirá identificar las fortalezas, oportunidades, debilidades y amenazas a partir de las cuales se definirá la situación actual de la empresa. Describe el proceso de selección de estrategias a través del análisis FODA, detalla el desarrollo, detalla el desarrollo de cada una de las estrategias seleccionadas para estructurar la mezcla de mercadeo y el plan de acciones de mercadotecnia, considerando el costo y tiempo para cada actividad de los programas de apoyo necesarios para implementar las estrategias. 
650 7 |a ADMINISTRACION DE LA DISTRIBUCION (MERCADEO) 
650 7 |b COMERCIALIZACION - SORBETERIA ESKIMO - ANALISIS FODA 
650 7 |c ORGANIZACIÓN - CONTROL - PLANIFICACION - SORBETERIA ESKIMO 
650 7 |d PRODUCCION - PUBLICIDAD - PRODUCTO 
700 1 |a Tutor:  |b Zúñiga Morales, Gonzalo de Jesús  
942 |c BK  |2 ddc 
991 |a TESIS 
999 |c 18653